[Event "Rhein Main op 08th"]
[Site "Bad Homburg"]
[Date "2005.05.30"]
[Round "7"]
[White "Huemer, Dominik"]
[Black "Kilb, Benjamin"]
[Result "1-0"]
[WhiteElo "1547"]
[BlackElo "1234"]
[PlyCount "121"]
[EventDate "2005.05.25"]
[EventType "swiss"]
[EventRounds "7"]
[EventCountry "GER"]
[SourceTitle "EXT 2006"]
[Source "ChessBase"]
[SourceDate "2005.11.24"]
[SourceVersion "1"]
[SourceVersionDate "2005.11.24"]
[SourceQuality "1"]

1. d4 d5 2. Nf3 Nf6 3. e3 a6 4. Bd3 Nc6 5. 0-0 Bg4 6. Nbd2 e6 7. c3 Bd6 8. Re1 0-0 9. e4 dxe4 10. Nxe4 Nxe4 11. Rxe4 Bf5 12. Rh4 Bxd3 13. Qxd3 g6 14. Qe3 Be7 15. Rh3 h5 16. Qf4 e5 17. Qh6 Bf6 18. Ng5 Bxg5 19. Bxg5 Qd6 20. d5 Ne7 21. Bxe7 Qxe7 22. Rg3 Qh4 23. Qe3 Rfe8 24. Qc5 Qe7 25. Qe3 Kg7 26. Re1 f6 27. Qe2 Kh7 28. Qc2 f5 29. Rge3 e4 30. c4 Qc5 31. a3 c6 32. b4 Qd6 33. dxc6 Qxc6 34. c5 a5 35. Rd1 axb4 36. axb4 Qa4 37. Rb3 Red8 38. h3 Rxd1+ 39. Qxd1 Qa1 40. Rb1 Qa4 41. Qd5 Qc6 42. Rd1 Qxd5 43. Rxd5 Rb8 44. Rd7+ Kg8 45. h4 Kf8 46. Kh2 f4 47. Rd4 Re8 48. Kg1 Kg8 49. f3 exf3 50. gxf3 Rf8 51. Kf2 Rf7 52. Ke2 Kf8 53. Kd3 Ke8 54. Ke4 Rf5 55. Rd6 Rf7 56. Rxg6 Kd7 57. b5 Kc7 58. Kd5 Kd7 59. Rd6+ Kc8 60. b6 Kb8 61. Rd8# 1-0

[Event "Rhein Main op 08th"]
[Site "Bad Homburg"]
[Date "2005.05.26"]
[Round "2"]
[White "Raab, Hendrik"]
[Black "Kilb, Benjamin"]
[Result "1-0"]
[WhiteElo "1664"]
[BlackElo "1234"]
[PlyCount "87"]
[EventDate "2005.05.25"]
[EventType "swiss"]
[EventRounds "7"]
[EventCountry "GER"]
[SourceTitle "EXT 2006"]
[Source "ChessBase"]
[SourceDate "2005.11.24"]
[SourceVersion "1"]
[SourceVersionDate "2005.11.24"]
[SourceQuality "1"]

1. d4 d5 2. c4 Nf6 3. Nc3 dxc4 4. e4 e6 5. Bxc4 Bb4 6. f3 Bxc3+ 7. bxc3 Nc6 8. Bg5 h6 9. Bh4 e5 10. Ne2 g5 11. Bg3 exd4 12. cxd4 Qe7 13. Rb1 b6 14. Bb5 Bd7 15. Qa4 Na5 16. Bxc7 0-0 17. Bxd7 Qxd7 18. Qxd7 Nxd7 19. Rc1 Rac8 20. 0-0 Nf6 21. d5 Rfe8 22. Nd4 Nd7 23. Nf5 Nb7 24. Nxh6+ Kg7 25. Nf5+ Kg6 26. Nd6 Nxd6 27. Bxd6 Nc5 28. Bxc5 Rxc5 29. Rxc5 bxc5 30. Rc1 Rc8 31. Kf2 f6 32. Ke3 Kf7 33. f4 gxf4+ 34. Kxf4 Ke7 35. g4 a6 36. h4 Kd6 37. h5 Rh8 38. Kf5 Rg8 39. h6 Rg5+ 40. Kf4 Rg6 41. Rh1 Rg8 42. h7 Rh8 43. Kf5 Ke7 44. Kg6 1-0

[Event "Rhein Main op 07th"]
[Site "Bad Homburg"]
[Date "2004.06.13"]
[Round "7.62"]
[White "Kilb, Benjamin"]
[Black "Bethge, Vincent"]
[Result "0-1"]
[WhiteElo "1199"]
[BlackElo "1523"]
[PlyCount "54"]
[EventDate "2004.06.09"]
[EventType "swiss"]
[EventRounds "7"]
[EventCountry "GER"]
[SourceTitle "CBM 100 Extra"]
[Source "ChessBase"]
[SourceDate "2004.07.06"]
[SourceVersion "2"]
[SourceVersionDate "2004.07.06"]
[SourceQuality "1"]

1. e4 e5 2. Nf3 Nc6 3. Bc4 Nf6 4. Nc3 d6 5. 0-0 Bg4 6. h3 Bh5 7. d3 Nd4 8. g4 Nxf3+ 9. Qxf3 Bg6 10. h4 h5 11. g5 Ng4 12. Qg3 f5 13. f3 f4 14. Qe1 Ne3 15. Bxe3 fxe3 16. Qxe3 b6 17. f4 d5 18. Bxd5 Bc5 19. Qxc5 bxc5 20. Bxa8 Qxa8 21. fxe5 Qc8 22. Rf4 Rf8 23. Nd5 Qd8 24. Raf1 Rxf4 25. Rxf4 c6 26. Nc3 Qd4+ 27. Kf1 Qxe5 0-1

[Event "Rhein Main op 07th"]
[Site "Bad Homburg"]
[Date "2004.06.10"]
[Round "2.62"]
[White "Kilb, Benjamin"]
[Black "Kanning, Thorsten"]
[Result "1/2-1/2"]
[WhiteElo "1199"]
[BlackElo "1658"]
[PlyCount "68"]
[EventDate "2004.06.09"]
[EventType "swiss"]
[EventRounds "7"]
[EventCountry "GER"]
[SourceTitle "CBM 100 Extra"]
[Source "ChessBase"]
[SourceDate "2004.07.06"]
[SourceVersion "2"]
[SourceVersionDate "2004.07.06"]
[SourceQuality "1"]

1. e4 e5 2. Nf3 f5 3. Nc3 Nf6 4. exf5 e4 5. Ng5 d5 6. d3 h6 7. Ne6 Bxe6 8. fxe6 Bb4 9. Bd2 Qe7 10. dxe4 Qxe6 11. a3 Ba5 12. Nxd5 Bxd2+ 13. Qxd2 Qxe4+ 14. Ne3 0-0 15. 0-0-0 Nc6 16. Bc4+ Kh8 17. Bd5 Qa4 18. Bxc6 Qxc6 19. Rhg1 Ne4 20. Qd4 Rxf2 21. c3 Raf8 22. Rgf1 Nc5 23. Rxf2 Rxf2 24. Kb1 Qg6+ 25. Ka2 b6 26. Rd2 Rxd2 27. Qxd2 c6 28. Nc4 Qf7 29. b3 b5 30. Na5 Qc7 31. b4 Qf7+ 32. Kb2 Na4+ 33. Ka1 Qf1+ 34. Ka2 Qf7+ 1/2-1/2